Statistics for Top 10 Warmest European Countries

Click here to take the quiz!

General Stats

  • This quiz has been taken 1,493 times
  • The average score is 9 of 10

Answer Stats

°CCountry% Correct
13.30Spain
98%
15.40Greece
97%
13.45Italy
97%
15.15Portugal
96%
10.70France
92%
11.40Albania
84%
10.90Croatia
82%
11.85San Marino
78%
13.55Monaco
76%
10.55Bulgaria
74%

Score Distribution

Percentile by Number Answered

Percent of People with Each Score

Your Score History

You have not taken this quiz